00410nam a2200157Ia 45000010006000000050017000060080041000230410008000640820016000721000043000882450068001312600009001993000028002086500008002366540008002441547520260306170159.0260306t2011||||xx |||||||||||||| ||und|| aESP a540.72bD92 aDoria Serrano, María del CarmeneAUT 0aExperimentos de química en microescala:bnivel medio superior c2011 a283 páginas :c24 cm. aGEN aCCN